Náčrt americkej vlády

Salvato in:
Dettagli Bibliografici
Natura: Libro
Lingua:slovacco
Pubblicazione: Washington United States Information Agency [1990]
Edizione:1. vyd.
Soggetti:
Tags: Aggiungi Tag
Nessun Tag, puoi essere il primo ad aggiungerne!!

MARC

LEADER 00000nam a2200000 4500
001 c005481
005 20221206122612.1
041 0 |a slo 
044 |a US 
245 1 0 |a Náčrt americkej vlády 
250 |a 1. vyd. 
264 1 |a Washington  |b United States Information Agency  |c [1990] 
300 |a 124 s. 
610 2 0 |a USA 
610 2 0 |a vláda 
610 2 0 |a ústava 
610 2 0 |a legislatíva 
610 2 0 |a právo